| 000 | 00372nam a22001457a 4500 | ||
|---|---|---|---|
| 003 | OSt | ||
| 005 | 20160727222347.0 | ||
| 008 | 160621b xxu||||| |||| 00| 0 eng d | ||
| 040 | _cTEST | ||
| 100 |
_9277 _aPark, K, |
||
| 245 | _aPreventive and Social Medicine | ||
| 260 |
_aJebalpur _b Banarsidas Bhandar. _c1994 |
||
| 300 | _aPreventive and Social Medicine | ||
| 942 |
_2ddc _cBK |
||
| 999 |
_c225 _d225 |
||